Zákon o používaní jazykov národnostných menšín
Úplné znenie zákona o používaní jazykov národnostných menšín na Slovensku, ktorý nadobúda účinnosť 1. septembra 1999.
Enregistré dans:
| Format: | Chapitre de livre |
|---|---|
| Langue: | slovaque |
| Sujets: | |
| Tags: |
Pas de tags, Soyez le premier à ajouter un tag!
|
MARC
| LEADER | 00000naa a2200000 4500 | ||
|---|---|---|---|
| 001 | r035871 | ||
| 005 | 20230825082039.9 | ||
| 041 | 0 | |a slo | |
| 044 | |a SK | ||
| 245 | 1 | 0 | |a Zákon o používaní jazykov národnostných menšín |
| 520 | |a Úplné znenie zákona o používaní jazykov národnostných menšín na Slovensku, ktorý nadobúda účinnosť 1. septembra 1999. | ||
| 610 | 2 | 0 | |a menšiny národnostné |
| 610 | 2 | 0 | |a jazyky cudzie |
| 610 | 2 | 0 | |a zákony |
| 610 | 2 | 0 | |a Slovensko |
| 610 | 2 | 0 | |a 1999 |